Die nächstgelegenen Länder nach Bundesland - Statistiken

Allgemein
  • Dieses Quiz wurde 14.177 mal gespielt
  • Das Durchschnittsergebnis liegt bei 14 aus 16
Antworten auf der Karte
Die Antworten werden auf der Karte rot bzw. grün angezeigt, abhängig davon wie oft sie richtig erraten wurden.
 
Antwortstatistiken
Bundesland Land % Korrekt
Bayern Österreich / Tschechien
99%
Baden-Württemberg Schweiz / Frankreich
99%
Berlin Polen
98%
Brandenburg Polen
98%
Bremen Niederlande
96%
Hamburg Dänemark
95%
Mecklenburg-Vorpommern Polen
93%
Hessen Frankreich
92%
Niedersachsen Niederlande
92%
Nordrhein-Westfalen Niederlande / Belgien
91%
Rheinland-Pfalz Luxemburg / Frankreich / Belgien
90%
Saarland Frankreich / Luxemburg
87%
Sachsen Tschechien / Polen
85%
Sachsen-Anhalt Tschechien
77%
Schleswig-Holstein Dänemark
74%
Thüringen Tschechien
68%
Keine übereinstimmenden Quizze gefunden
Verteilung der Resultate
Anzahl Personen mit jedem Resultat
Perzentil nach korrekt beantworteten Fragen
Ihre Resultats-Entwicklung
Sie haben dieses Quiz noch nicht gespielt